000 01421cam a2200313 i 4500
001 15493582
003 EG-ScBUE
005 20260104103542.0
008 081022t2009 coua frb 001 0 eng d
020 _a9780981519432
040 _aDLC
_beng
_erda
_cDLC
_dDLC
_dEG-ScBUE
082 0 4 _a547
_bLOU
_222
100 1 _aLoudon, G. Marc,
_eauthor.
_939110
245 1 0 _aOrganic chemistry /
_cMarc Loudon, Prdue University.
250 _aFifth edition.
264 1 _aGreenwood Village, Colorado :
_bRoberts and Company Publishers,
_c[2009]
264 4 _cc2009
300 _axxxix, 1374 pages ;
_billustrations (some color) ;
_c25 cm
336 _2rdacontent
_atext
_btxt
337 _2rdamedia
_aunmediated
_bn
338 _2rdacarrier
_avolume
_bnc
504 _aIncludes bibliographical references and index.
520 _a"Introduces organic chemistry through a mechanistic approach within a functional group framework. Contains 1,668 exercises--many of which are taken directly from the scientific literature--that encourage readers to analyze and synthesize chemical concepts. Includes modern topics such as alkene metathesis, Suzuki and Stille cross-coupling reactions, and examples drawn from contemporary medical practice."--Provided by the publisher.
650 7 _aChemistry, Organic.
_2BUEsh
_96234
651 _2BUEsh
653 _bPPhrm
_cJuly2015
_cJanuary2016
655 _vReading book
942 _2ddc
_cBB
999 _c20204
_d20176